000 00359nam a2200145Ia 4500
100 _aIfeacher/Emmanuel C/ Jervis/Barrie W
250 _a2
942 _cBK
654 _aDigital
245 _aDigital Signal Processing:A practical approach
260 _bPearson Education
_aNew Delhi
_c2002
082 _a621.3822
_bIFE
300 _a933
546 _aENGLISH
999 _c32476
_d32476